Interpreting anaphors in natural language texts /

Bibliographic Details
Main Author: Carter, David, 1958-
Format: Book
Language:English
Published: Chichester [West Sussex] : New York : E. Horwood ; Halsted Press, 1987.
Series:Ellis Horwood series in artificial intelligence.
Subjects:

MARC

Tag First Indicator Second Indicator Subfields
LEADER 00000cam a22000008a 4500
001 in00000018265
005 20151007053209.0
008 870904s1987 enka b 00110 eng
010 |a  87026250  
020 |a 0745802508 :  |c £39.50 
035 |a (OCoLC)16711262 
035 |9 AAB0752AM 
040 |a DLC  |c DLC  |d TXA  |d UtOrBLW 
049 |a TXAM  |c [A11096582] 
050 0 0 |a P299.A5  |b C37 1987 
082 0 |a 415/.028/5  |2 19 
100 1 |a Carter, David,  |d 1958- 
245 1 0 |a Interpreting anaphors in natural language texts /  |c David Carter. 
263 |a 8710 
264 1 |a Chichester [West Sussex] :  |b E. Horwood ;  |a New York :  |b Halsted Press,  |c 1987. 
300 |a 290 pages :  |b illustrations 
336 |a text  |b txt  |2 rdacontent 
337 |a unmediated  |b n  |2 rdamedia 
338 |a volume  |b nc  |2 rdacarrier 
490 1 |a Ellis Horwood series, artificial intelligence 
504 |a Bibliography: pages [283]-290. 
500 |a Includes index. 
650 0 |a Anaphora (Linguistics)  |x Data processing. 
830 0 |a Ellis Horwood series in artificial intelligence. 
999 |a MARS 
999 f f |s 113cebdf-ebc2-32fe-abae-aaed5ae374aa  |i a4210a71-f3a1-3d4d-ad45-b5ded5591223  |t 0 
952 f f |p ric  |a Texas A&M University  |b Rellis Campus  |c Joint Library Facility  |s JLF  |d Remote Storage  |t 0  |e P299.A5 C37 1987  |h Library of Congress classification  |i unmediated -- volume  |m A14811096582 
998 f f |a P299.A5 C37 1987  |t 0  |l Remote Storage